| 000 | 01791nam a22002897a 4500 | ||
|---|---|---|---|
| 005 | 2008122301381.0 | ||
| 008 | 081223t xxu||||| |||| 00| 0hin d | ||
| 010 | _aHIN-85628 | ||
| 020 |
_a8187275308 _c650.00 |
||
| 035 | _aHN-57974 | ||
| 037 | _bDBAD / PUB | ||
| 040 |
_aDPL _bHN |
||
| 082 | _a306.760954 | ||
| 100 |
_aगोस्वामी, भालचन्द _qगोस्वामी, भालचन्द 'प्रखर ' |
||
| 245 |
_aव्यक्ति, परिवार और सैक्सः _cआचार्य भालचन्द गोस्वामी 'प्रखर ' द्वारा संपादित _bएक समाजशास्त्रीय अध्ययन / |
||
| 246 |
_aVyakti, parivaara aur sex _bby Acharya Bhalchand Goswami ' Prakhar ' |
||
| 260 |
_aजयपुर _bजैना पब्लिशर्स _c2007 |
||
| 270 |
_a0-16, मालवीय मार्ग , मलन का चौराहा , सी-स्कीम _bजयपुर _e302 001 |
||
| 300 |
_a254पृ. _c21सेमी (सजिल्द) |
||
| 650 |
_aसैक्स निर्देश _xसामाजिक परिपेक्ष्य में _zभारत |
||
| 650 |
_aSex instructions _xSocial aspects _zIndia |
||
| 650 |
_aसैक्स संबंधी नियम _zभारत |
||
| 650 |
_aSexual ethics _zIndia |
||
| 700 | _aआचार्य भालचन्द गोस्वामी' प्रखर' | ||
| 942 |
_2ddc _cHN _mगोस्वामी _h306.760954 |
||
| 999 |
_c20210 _d20210 |
||